000 00663nam a2200217Ii 4500
003 JO-AjNU
008 230605s9999||||xx |||||||||||||| ||und||
017 _a1983/1365
040 _aJO-AjNU
_bara
_erda
_cJO-AjNU
041 _aara
050 1 4 _aPJ7862.A855.L83 1983
100 3 _aتأليف الصايغ،يوسف,
_eauthor
_915204
245 0 0 _aاللعبة: رواية
250 _aط2
264 3 1 _aبغداد:مطبعة الأديب البغدادية،1983
300 _a179ص
336 _atext
_btxt
_2rdacontent
337 _aunmediated
_bn
_2rdamedia
338 _avolume
_bnc
_2rdacarrier
650 4 _aالأدب العربي - روايات
_915205
999 _aA4238
_c7806
_d7806